1996 1760 1835 1415 1815 1799 1394 1486 1289 1739 1490 1440 1919 1721 1546 1629 1045 1755 1515 1818 1114 1168 1890 1493 1782 1966 1269 1620 1166 1288 1625 1252 1305 1551 1176 1150 1984 1799 1975 1051 1525 1026 1422 1982 1988 1300 1187 1282 1560 1313 1202 1026 1783 1058 1117 1514 1125 1435 1187 1135 1686 1788 1988 1365 1904 1283 1142 1291 1135 1683 1459 1895 1738 1131 1747 1099 1703 1306 1958 1238 1350 1967 1832 1418 1607 1219 1298 1649 1445 1961 1048 1625 1948 1442 1603 1766 1201 1446 1989 BCNSPRNW ULIB Ver.6.0+V

เปลี่ยนเป็นภาษาไทย

Change to English
 แสดงรายละเอียดบรรณานุกรม
  กลับหน้าหลัก

Brief Record : Get Marc (ISO 2709) : E-mail record : QR code < ปิดหน้าต่าง
LEADER : 00000nam 2200000uu 4500
001    13399125745
003     ULIB
008    170829s2559||||th 000 0 tha d
020    ^a9786164260030
060 04 ^aWT500^bร281 2559
245 10 ^aโรคเรื้อรังที่พบบ่อยทางอายุรศาสตร์ :^bแนวทางการวินิจฉัยและดูแลรักษา /^cเอกวีร์ ศรีปริวุฒิ และคณะ , บรรณาธิการ
250    ^aพิมพ์คร้้งที่ 1
260    ^aพิษณุโลก : ^bมหาวิทยาลัยนเรศวร, ^c2559
300    ^a249 หน้า ;^bภาพประกอบ
504    ^aเอกสารอ้างอิง
650  7 ^aอายุรศาสตร์
650  7 ^aโรคเรื้อรัง^xการวินิจฉัย
650  7 ^aโรคเรื้อรัง^xการดูแลรักษา
700 0  ^aเอกวีร์ ศรีปริวุฒิ^eบรรณาธิการ
700 0  ^aอภิรัตน์ หวังธีระประเสริฐ^eบรรณาธิการ
700 0  ^aวิทวัส จิตต์ผิวงาม^eบรรณาธิการ
700 0  ^aสุธาทิพย์ พงษ์เจริญ^eบรรณาธิการ
710 2  ^aมหาวิทยาลัยนเรศวร^bภาควิชาอายุรศาสตร์ คณะแพทยศาสตร์
945    ^p0^l0^i002995
945    ^p0^l0^i002996
945    ^p0^l0^i002997
945    ^p0^l0^i002998
945    ^p0^l0^i002999
945    ^p0^l0^i003000
945    ^p0^l0^i003001
945    ^p0^l0^i003002
945    ^p0^l0^i003003
945    ^p0^l0^i003004
999    ^aประนอม เกษจรัล
รายการนี้ยังไม่มีแท็ก
คุณยังไม่ได้ล็อกอิน คุณสามารถมีกิจกรรมร่วมกับเว็บไซต์ได้ แต่ต้องล็อกอินก่อน ::
  ล็อกอิน

รายการสื่อสารสนเทศ

ลำดับที่ ประเภท เลขเรียก/บาร์โค้ด สถานที่ สถานะ
1. หนังสือสำรอง
หนังสือสำรอง
WT500 ร281 2559 ฉ.1 
  Barcode: 002995
ห้องสมุดวิทยาเขตสวรรค์ประชารักษ์
►หนังสือทั่วไป
บนชั้น
2. วิทยาศาสตร์การแพทย์ และสุขภาพ
วิทยาศาสตร์การแพทย์ และสุขภาพ
สถานะ=หนังสือเก่า
WT500 ร281 2559 ฉ.10 
  Barcode: 003004
ห้องสมุดวิทยาเขตสวรรค์ประชารักษ์
►ส่วนจัดเก็บหนังสือเก่า สปร
บนชั้น
  ขอยืม
3. วิทยาศาสตร์การแพทย์ และสุขภาพ
วิทยาศาสตร์การแพทย์ และสุขภาพ
สถานะ=หนังสือเก่า
WT500 ร281 2559 ฉ.2 
  Barcode: 002996
ห้องสมุดวิทยาเขตสวรรค์ประชารักษ์
►ส่วนจัดเก็บหนังสือเก่า สปร
บนชั้น
  ขอยืม
4. วิทยาศาสตร์การแพทย์ และสุขภาพ
วิทยาศาสตร์การแพทย์ และสุขภาพ
สถานะ=หนังสือเก่า
WT500 ร281 2559 ฉ.3 
  Barcode: 002997
ห้องสมุดวิทยาเขตสวรรค์ประชารักษ์
►ส่วนจัดเก็บหนังสือเก่า สปร
บนชั้น
  ขอยืม
5. วิทยาศาสตร์การแพทย์ และสุขภาพ
วิทยาศาสตร์การแพทย์ และสุขภาพ
สถานะ=หนังสือเก่า
WT500 ร281 2559 ฉ.4 
  Barcode: 002998
ห้องสมุดวิทยาเขตสวรรค์ประชารักษ์
►ส่วนจัดเก็บหนังสือเก่า สปร
บนชั้น
  ขอยืม
6. วิทยาศาสตร์การแพทย์ และสุขภาพ
วิทยาศาสตร์การแพทย์ และสุขภาพ
สถานะ=หนังสือเก่า
WT500 ร281 2559 ฉ.5 
  Barcode: 002999
ห้องสมุดวิทยาเขตสวรรค์ประชารักษ์
►ส่วนจัดเก็บหนังสือเก่า สปร
บนชั้น
  ขอยืม
7. วิทยาศาสตร์การแพทย์ และสุขภาพ
วิทยาศาสตร์การแพทย์ และสุขภาพ
สถานะ=หนังสือเก่า
WT500 ร281 2559 ฉ.6 
  Barcode: 003000
ห้องสมุดวิทยาเขตสวรรค์ประชารักษ์
►ส่วนจัดเก็บหนังสือเก่า สปร
บนชั้น
  ขอยืม
8. วิทยาศาสตร์การแพทย์ และสุขภาพ
วิทยาศาสตร์การแพทย์ และสุขภาพ
สถานะ=หนังสือเก่า
WT500 ร281 2559 ฉ.7 
  Barcode: 003001
ห้องสมุดวิทยาเขตสวรรค์ประชารักษ์
►ส่วนจัดเก็บหนังสือเก่า สปร
บนชั้น
  ขอยืม
9. วิทยาศาสตร์การแพทย์ และสุขภาพ
วิทยาศาสตร์การแพทย์ และสุขภาพ
สถานะ=หนังสือเก่า
WT500 ร281 2559 ฉ.8 
  Barcode: 003002
ห้องสมุดวิทยาเขตสวรรค์ประชารักษ์
►ส่วนจัดเก็บหนังสือเก่า สปร
บนชั้น
  ขอยืม
10. วิทยาศาสตร์การแพทย์ และสุขภาพ
วิทยาศาสตร์การแพทย์ และสุขภาพ
สถานะ=หนังสือเก่า
WT500 ร281 2559 ฉ.9 
  Barcode: 003003
ห้องสมุดวิทยาเขตสวรรค์ประชารักษ์
►ส่วนจัดเก็บหนังสือเก่า สปร
ถูกยืม กำหนดส่งวันที่ 25 มีนาคม 2569
  จอง

รายการใกล้เคียง
    หัวเรื่อง [อายุรศาสตร์]

BibComment


ยังไม่เคยถูกคอมเมนท์

คอมเมนท์ทรัพยากรรายการนี้
  คอมเมนท์: โรคเรื้อรังที่พบ..


 Copyright 2026. Bcnsprnw @Library